| 000 | 00765nas a2200253 4500 | ||
|---|---|---|---|
| 001 | BR0705446 | ||
| 003 | BR-BrBNA | ||
| 005 | 20231205111159.0 | ||
| 007 | ta | ||
| 008 | 230509b bl.|||p| |||| 00| 00por d | ||
| 040 |
_aBR-BrBNA _bpor _cBiblioteca Nacional de Agricultura |
||
| 041 | _a(Pt) | ||
| 072 | _aF62; F60 | ||
| 100 | 1 | _aLamas, F.M. | |
| 245 | 1 | _aFitoreguladores bem manejados equilibram crescimento da planta | |
| 650 | _aALGODÃO | ||
| 650 | _aREGULADOR DE CRESCIMENTO | ||
| 650 | _aFATOR DE CRESCIMENTO | ||
| 650 | _aNUTRIENTE ORGÂNICO | ||
| 650 | _aNUTRIENTE MINERAL | ||
| 773 | 0 |
_tVisão Agrícola (Brazil) _xISSN 1806-6402 _g(Jul-Dec 2006), v. 3(6) p. 81-84 _wBR0705446 |
|
| 909 |
_a202311 _bLúcia _c55 _dLúcia Elande |
||
| 942 |
_2AGRIS _n0 _cANA |
||
| 999 |
_c191172 _d191172 |
||